[Event "SRB-chT 2nd League West"]
[Site "Kragujevac"]
[Date "2019.10.04"]
[Round "8.3"]
[White "Cvetkovic, Dalibor"]
[Black "Jovanovic, Miroslav O"]
[Result "1-0"]
[WhiteElo "2115"]
[BlackElo "2154"]
[PlyCount "67"]
[EventDate "2019.09.06"]
[EventType "team-tourn"]
[EventRounds "11"]
[EventCountry "SRB"]
[SourceTitle "EXT 2020"]
[Source "ChessBase"]
[SourceDate "2019.10.17"]
[SourceVersion "1"]
[SourceVersionDate "2019.10.17"]
[SourceQuality "1"]
[WhiteTeam "Razanj"]
[BlackTeam "Aleksandrovac"]
[WhiteTeamCountry "SRB"]
[BlackTeamCountry "SRB"]

1. c4 c5 2. g3 Nf6 3. Bg2 g6 4. b3 Bg7 5. Bb2 Nc6 6. Nf3 0-0 7. 0-0 d6 8. d4 cxd4 9. Nxd4 Nxd4 10. Bxd4 Qc7 11. Nc3 Be6 12. Rc1 a6 13. Qd2 Rab8 14. Rfd1 Rfe8 15. h3 Qa5 16. Bxf6 Bxf6 17. Nd5 Qa3 18. Nxf6+ exf6 19. Rc3 Red8 20. Rd3 b5 21. b4 Qa4 22. Rxd6 Rdc8 23. c5 a5 24. bxa5 Rxc5 25. Qh6 Qxa5 26. Rxe6 Qxa2 27. Rb6 Rf8 28. Bf3 Qb2 29. h4 Qc2 30. Rbd6 Rcc8 31. h5 Qf5 32. hxg6 hxg6 33. R6d5 Qc2 34. Kg2 1-0

[Event "SRB-chT2 West"]
[Site "Kragujevac"]
[Date "2017.09.08"]
[Round "1"]
[White "Nikolic, Vojkan"]
[Black "Jovanovic, Miroslav O"]
[Result "1/2-1/2"]
[WhiteElo "2105"]
[BlackElo "2091"]
[PlyCount "89"]
[EventDate "2017.09.08"]
[EventType "team-tourn"]
[EventRounds "11"]
[EventCountry "SRB"]
[SourceTitle "EXT 2022"]
[Source "ChessBase"]
[SourceDate "2021.10.06"]
[SourceVersion "1"]
[SourceVersionDate "2021.10.06"]
[SourceQuality "1"]

1. e4 d5 2. exd5 Qxd5 3. Nc3 Qa5 4. d4 c6 5. Nf3 Bg4 6. h3 Bxf3 7. Qxf3 Nf6 8. Bc4 e6 9. 0-0 Bd6 10. Ne4 Nxe4 11. Qxe4 0-0 12. Bd3 g6 13. c3 Nd7 14. f4 Rfe8 15. Bd2 Qb6 16. b4 a5 17. a3 axb4 18. axb4 Bf8 19. Kh1 Bg7 20. Rfb1 Qc7 21. Qe3 Nb6 22. Qf2 Rxa1 23. Rxa1 Ra8 24. Rxa8+ Nxa8 25. g4 Nb6 26. f5 exf5 27. gxf5 Qd7 28. Qf3 Nd5 29. Be4 Nf6 30. Bd3 b5 31. Kg2 Qd5 32. Kf2 Qxf3+ 33. Kxf3 Nd5 34. Ke4 Kf8 35. Be2 Ke7 36. fxg6 hxg6 37. c4 f5+ 38. Kd3 bxc4+ 39. Kxc4 Kd6 40. Bf3 Nb6+ 41. Kd3 Bf6 42. Bf4+ Kd7 43. Bd2 Kd6 44. Bf4+ Kd7 45. Bd2 1/2-1/2

[Event "SRB-chT2 West CS"]
[Site "Serbia"]
[Date "2016.10.06"]
[Round "6.5"]
[White "Markovic, Dragan P"]
[Black "Jovanovic, Miroslav O"]
[Result "1-0"]
[WhiteElo "2237"]
[BlackElo "2101"]
[PlyCount "55"]
[EventDate "2016.09.04"]
[EventType "team-tourn"]
[EventRounds "11"]
[EventCountry "SRB"]
[SourceTitle "EXT 2018"]
[Source "ChessBase"]
[SourceDate "2017.10.13"]
[SourceVersion "1"]
[SourceVersionDate "2017.10.13"]
[SourceQuality "1"]

1. e4 c5 2. c3 d5 3. exd5 Qxd5 4. d4 Nf6 5. Nf3 e6 6. Be3 cxd4 7. cxd4 Bb4+ 8. Nc3 0-0 9. a3 Bxc3+ 10. bxc3 Qa5 11. Qc2 b6 12. Bd2 Bb7 13. c4 Qh5 14. Be2 Qg4 15. 0-0 Be4 16. Qb2 Nc6 17. h3 Qh5 18. Rfe1 h6 19. Ne5 Qh4 20. f3 Nxe5 21. dxe5 Bc6 22. exf6 gxf6 23. Bb4 Rfe8 24. Rad1 f5 25. Bc3 Kh7 26. Bf6 Qh5 27. Kh2 Qg6 28. Qe5 1-0

[Event "Smederevska Palanka Shocha Memorial"]
[Site "Smederevska Palanka"]
[Date "2016.01.10"]
[Round "1"]
[White "Nestorovic, Nikola"]
[Black "Jovanovic, Miroslav O"]
[Result "1-0"]
[WhiteElo "2539"]
[BlackElo "2083"]
[PlyCount "121"]
[EventDate "2016.01.01"]
[EventType "swiss"]
[EventRounds "9"]
[EventCountry "SRB"]
[SourceTitle "CBM 170 Extra"]
[Source "ChessBase"]
[SourceDate "2016.02.25"]
[SourceVersion "1"]
[SourceVersionDate "2016.02.25"]
[SourceQuality "1"]

1. e4 c5 2. Nf3 e6 3. d4 cxd4 4. Nxd4 a6 5. c4 Qc7 6. Nc3 Nf6 7. a3 b6 8. Be2 Bb7 9. f3 Be7 10. Be3 0-0 11. 0-0 d6 12. Qd2 Nbd7 13. Rac1 Rac8 14. Rfd1 Qb8 15. Bf1 Bd8 16. Kh1 Bc7 17. Bg1 Rfe8 18. Qf2 Rcd8 19. b4 Ne5 20. Nb3 Qa8 21. Na4 Ned7 22. Rc2 Bc6 23. Nc3 Bb7 24. Rcd2 Rc8 25. Qh4 h6 26. Be3 Qb8 27. Qh3 Rcd8 28. Bf4 e5 29. Be3 Rc8 30. Qh4 Re6 31. Qf2 Bc6 32. Nd5 Bd8 33. Nc3 Ne8 34. Rb1 Rf6 35. a4 Bb7 36. Nd5 Bxd5 37. cxd5 Qb7 38. Rc2 Rc7 39. Rbc1 g5 40. Qe2 Nb8 41. Nd2 a5 42. bxa5 bxa5 43. Qb5 Qxb5 44. axb5 g4 45. b6 Rc5 46. Bxc5 dxc5 47. b7 Be7 48. Nc4 gxf3 49. gxf3 a4 50. Nxe5 Rb6 51. Nc6 Rxb7 52. Nxe7+ Rxe7 53. Rxc5 Kg7 54. Ra5 Rb7 55. Rxa4 Nd7 56. f4 Nef6 57. Bg2 Rb2 58. Ra7 Nc5 59. e5 Nh5 60. e6 Nd3 61. Rxf7+ 1-0

[Event "SRB-chT2 West"]
[Site "Kragujevac"]
[Date "2015.10.10"]
[Round "10.2"]
[White "Stojanovic, Dobrisav"]
[Black "Jovanovic, Miroslav O"]
[Result "1-0"]
[WhiteElo "2298"]
[BlackElo "2091"]
[PlyCount "81"]
[EventDate "2015.09.04"]
[EventType "team-tourn"]
[EventRounds "11"]
[EventCountry "SRB"]
[SourceTitle "EXT 2022"]
[Source "ChessBase"]
[SourceDate "2021.10.06"]
[SourceVersion "1"]
[SourceVersionDate "2021.10.06"]
[SourceQuality "1"]

1. d4 Nf6 2. c4 e6 3. Nf3 d5 4. Nc3 c6 5. Bg5 Be7 6. e3 0-0 7. Qc2 Nbd7 8. Bd3 Re8 9. cxd5 exd5 10. 0-0 h6 11. Bf4 Nf8 12. h3 Bd6 13. Ne5 Qe7 14. Rae1 N6d7 15. Nf3 Nf6 16. Bxd6 Qxd6 17. Ne5 a6 18. Na4 N8d7 19. f4 b5 20. Nc3 c5 21. g4 c4 22. Bf5 Kf8 23. g5 b4 24. gxf6 bxc3 25. fxg7+ Kxg7 26. Qg2+ Kf8 27. bxc3 Nf6 28. Bxc8 Raxc8 29. Rb1 Rb8 30. Kh1 Rxb1 31. Rxb1 Qe6 32. f5 Qd6 33. Qg3 Ne4 34. Qf4 Re7 35. a4 a5 36. h4 h5 37. Kh2 Ke8 38. Qh6 Rd7 39. Rb8+ Rd8 40. Qh8+ Ke7 41. Rxd8 1-0

[Event "Senta op-A 13th"]
[Site "Senta"]
[Date "2009.07.23"]
[Round "7"]
[White "Jovanovic, Miroslav O"]
[Black "Jefic, Srdjan"]
[Result "1-0"]
[WhiteElo "2124"]
[BlackElo "2108"]
[PlyCount "91"]
[EventDate "2009.07.18"]
[EventType "swiss"]
[EventRounds "9"]
[EventCountry "YUG"]
[SourceTitle "CBM 131 Extra"]
[Source "ChessBase"]
[SourceDate "2009.09.03"]
[SourceVersion "2"]
[SourceVersionDate "2009.09.16"]
[SourceQuality "1"]

1. d4 d5 2. c4 c6 3. Nc3 Nf6 4. Bg5 dxc4 5. a4 Qa5 6. Bxf6 exf6 7. e4 Bb4 8. Qc1 Be6 9. Nf3 Nd7 10. Be2 0-0 11. 0-0 h6 12. Na2 Nb6 13. Qc2 Be7 14. Nc3 f5 15. Ne5 fxe4 16. Qxe4 Bb4 17. Rfc1 Bxc3 18. bxc3 Rfe8 19. Qf3 f6 20. Ng4 Bd5 21. Qg3 Rxe2 22. Nxh6+ Kh7 23. Nf5 g6 24. Qh4+ Kg8 25. Qxf6 gxf5 26. Qg6+ Kf8 27. Qxf5+ Ke7 28. Re1 Be6 29. Qxa5 Rxe1+ 30. Rxe1 Nd5 31. f4 Kd7 32. Qc5 b6 33. Qxc4 Nxf4 34. Qa6 Rg8 35. g3 Nh3+ 36. Kf1 Rf8+ 37. Ke2 Rf2+ 38. Kd1 Ra2 39. Qxa7+ Kd6 40. Qb8+ Kd7 41. Rxe6 Nf2+ 42. Kc1 Nd3+ 43. Kb1 Rb2+ 44. Ka1 Kxe6 45. Qg8+ Kf6 46. Qh7 1-0

[Event "Senta op-A 13th"]
[Site "Senta"]
[Date "2009.07.22"]
[Round "6"]
[White "Bogdanovic, Vesna"]
[Black "Jovanovic, Miroslav O"]
[Result "0-1"]
[WhiteElo "2001"]
[BlackElo "2124"]
[PlyCount "82"]
[EventDate "2009.07.18"]
[EventType "swiss"]
[EventRounds "9"]
[EventCountry "YUG"]
[SourceTitle "CBM 131 Extra"]
[Source "ChessBase"]
[SourceDate "2009.09.03"]
[SourceVersion "2"]
[SourceVersionDate "2009.09.16"]
[SourceQuality "1"]

1. e4 c5 2. Nc3 Nc6 3. g3 g6 4. Bg2 Bg7 5. f4 d6 6. Nf3 e5 7. 0-0 Nge7 8. d3 0-0 9. h3 Rb8 10. Be3 b5 11. fxe5 Nxe5 12. Qc1 Nxf3+ 13. Rxf3 b4 14. Ne2 f5 15. Bh6 fxe4 16. Rxf8+ Qxf8 17. Bxg7 Qxg7 18. dxe4 Bb7 19. c3 Ba6 20. Nf4 Qe5 21. Qe3 bxc3 22. bxc3 Rb2 23. Qc1 Rb6 24. h4 Kg7 25. Qa3 h6 26. Kh2 g5 27. hxg5 hxg5 28. Nh3 Ng6 29. Re1 Nh4 30. Bh1 g4 31. Nf2 Ng6 32. Kg2 Qh5 33. Kg1 Ne5 34. Rd1 Qf7 35. Qc1 Be2 36. Qg5+ Kh7 37. Rc1 Bf3 38. Qh4+ Kg6 39. Bg2 Rb7 40. Rf1 Bxg2 41. Kxg2 Qf3+ 0-1

[Event "Senta op-A 13th"]
[Site "Senta"]
[Date "2009.07.21"]
[Round "5"]
[White "Jovanovic, Miroslav O"]
[Black "Szabados, Karoly"]
[Result "0-1"]
[WhiteElo "2124"]
[BlackElo "2077"]
[PlyCount "126"]
[EventDate "2009.07.18"]
[EventType "swiss"]
[EventRounds "9"]
[EventCountry "YUG"]
[SourceTitle "CBM 131 Extra"]
[Source "ChessBase"]
[SourceDate "2009.09.03"]
[SourceVersion "2"]
[SourceVersionDate "2009.09.16"]
[SourceQuality "1"]

1. d4 f5 2. c4 Nf6 3. Nf3 g6 4. Nc3 Bg7 5. Qc2 d6 6. d5 0-0 7. Bg5 e5 8. dxe6 Bxe6 9. e3 Nc6 10. Be2 Nb4 11. Qb3 a5 12. 0-0 Na6 13. Qc2 Nc5 14. Nd4 Bf7 15. b3 Qd7 16. Rad1 h6 17. Bf4 g5 18. Bg3 Bg6 19. Bf3 Kh7 20. Qc1 Rae8 21. a3 Nfe4 22. Qc2 a4 23. b4 Nxc3 24. Qxc3 Ne6 25. h3 f4 26. Bh2 Nxd4 27. exd4 c5 28. bxc5 dxc5 29. Qb2 Re7 30. Bg4 Bf5 31. Bxf5+ Qxf5 32. Qb5 Bxd4 33. Qxa4 Rfe8 34. Qb5 Qc2 35. Qb1 Qxb1 36. Rxb1 Ra8 37. g3 fxg3 38. Bxg3 Rxa3 39. Kg2 Rc3 40. Rfc1 Rxc1 41. Rxc1 Re2 42. Kf3 Rb2 43. Re1 Kg6 44. Re2 Rxe2 45. Kxe2 Kf5 46. f3 Be5 47. Bf2 b6 48. Be1 Kf4 49. h4 Bf6 50. hxg5 Bxg5 51. Bf2 h5 52. Be1 Bf6 53. Bd2+ Kg3 54. f4 h4 55. Kf1 h3 56. Kg1 Kf3 57. Kh2 Ke2 58. Bc1 Kd3 59. Kxh3 Kxc4 60. Kg4 b5 61. Kf5 Bd4 62. Ke6 b4 63. f5 b3 0-1

[Event "Senta op-A 13th"]
[Site "Senta"]
[Date "2009.07.19"]
[Round "3"]
[White "Jovanovic, Miroslav O"]
[Black "Andrijevic, Milan"]
[Result "1/2-1/2"]
[WhiteElo "2124"]
[BlackElo "2384"]
[PlyCount "117"]
[EventDate "2009.07.18"]
[EventType "swiss"]
[EventRounds "9"]
[EventCountry "YUG"]
[SourceTitle "CBM 131 Extra"]
[Source "ChessBase"]
[SourceDate "2009.09.03"]
[SourceVersion "2"]
[SourceVersionDate "2009.09.16"]
[SourceQuality "1"]

1. d4 d5 2. c4 e6 3. Nc3 Nf6 4. cxd5 exd5 5. Bg5 Be7 6. Qc2 c6 7. e3 0-0 8. Bd3 Nbd7 9. Nf3 Re8 10. h3 Nf8 11. 0-0-0 Be6 12. g4 a6 13. Rhg1 N6d7 14. h4 c5 15. Bxe7 Qxe7 16. Ng5 Nf6 17. Nxe6 fxe6 18. dxc5 Qxc5 19. Kb1 Rac8 20. g5 N6d7 21. h5 b5 22. Qd2 Ne5 23. Be2 b4 24. Na4 Qa5 25. b3 Nc4 26. Bxc4 dxc4 27. e4 Red8 28. Qe3 c3 29. Kc2 Rxd1 30. Rxd1 Rd8 31. f4 Rxd1 32. Kxd1 Qd8+ 33. Kc2 Qe8 34. Qe2 Qc6 35. Qd3 Kf7 36. Qd4 Nd7 37. Qxb4 a5 38. Qd4 e5 39. fxe5 Ke6 40. Nxc3 Nxe5 41. Kb2 Qd6 42. Nd5 Nd7 43. Qc4 Ke5 44. Kc3 Qc5 45. h6 gxh6 46. gxh6 Qxc4+ 47. bxc4 Kxe4 48. a4 Nc5 49. Nf6+ Kf5 50. Nxh7 Kg6 51. Ng5 Kxh6 52. Nf7+ Kg7 53. Nd6 Kf6 54. Kd4 Nxa4 55. Nb7 Ke6 56. Nxa5 Kd6 57. Nb7+ Kc7 58. Nc5 Nb2 59. Kd5 1/2-1/2

[Event "Senta op-A 13th"]
[Site "Senta"]
[Date "2009.07.18"]
[Round "1"]
[White "Jovanovic, Miroslav O"]
[Black "Budimir, Boris"]
[Result "1/2-1/2"]
[WhiteElo "2124"]
[BlackElo "2352"]
[PlyCount "99"]
[EventDate "2009.07.18"]
[EventType "swiss"]
[EventRounds "9"]
[EventCountry "YUG"]
[SourceTitle "CBM 131 Extra"]
[Source "ChessBase"]
[SourceDate "2009.09.03"]
[SourceVersion "2"]
[SourceVersionDate "2009.09.16"]
[SourceQuality "1"]

1. d4 Nf6 2. c4 e6 3. Nf3 c5 4. d5 b5 5. e3 Bb7 6. dxe6 fxe6 7. Qb3 Bxf3 8. gxf3 bxc4 9. Qxc4 Nc6 10. f4 Be7 11. Bg2 d5 12. Qa4 Qd7 13. 0-0 0-0 14. Nc3 Rad8 15. Rd1 Nb4 16. Qxd7 Rxd7 17. Bh3 Kf7 18. Bd2 Rb8 19. b3 Rbd8 20. Na4 c4 21. Bc3 Ne4 22. f5 exf5 23. Bxf5 Nxc3 24. Nxc3 Bf6 25. Bxd7 Bxc3 26. a3 Rxd7 27. axb4 Bxa1 28. Rxa1 cxb3 29. Ra3 Rb7 30. Rxb3 Ke6 31. Ra3 d4 32. Ra5 dxe3 33. fxe3 Rf7 34. Kg2 Kd6 35. Kg3 Kc6 36. e4 Kb6 37. h4 Rf1 38. Rd5 Rc1 39. e5 Rc4 40. b5 Rc5 41. Rxc5 Kxc5 42. Kf4 Kxb5 43. Kf5 a5 44. Ke6 a4 45. Kf7 a3 46. e6 a2 47. e7 a1Q 48. e8Q+ Kc5 49. Qf8+ Kd5 50. Qxg7 1/2-1/2

[Event "Belgrade Trophy 21st"]
[Site "Obrenovac"]
[Date "2008.12.05"]
[Round "9"]
[White "Jovanovic, Miroslav O"]
[Black "Skoric, Branko"]
[Result "1-0"]
[WhiteElo "2071"]
[BlackElo "1949"]
[PlyCount "61"]
[EventDate "2008.11.27"]
[EventType "swiss"]
[EventRounds "9"]
[EventCountry "YUG"]
[SourceTitle "CBM 127 Extra"]
[Source "ChessBase"]
[SourceDate "2009.01.08"]
[SourceVersion "2"]
[SourceVersionDate "2009.01.28"]
[SourceQuality "1"]

1. d4 Nf6 2. c4 e5 3. dxe5 Ng4 4. Nf3 Nc6 5. Bf4 Bb4+ 6. Nbd2 Qe7 7. e3 Ngxe5 8. Nxe5 Nxe5 9. Be2 0-0 10. 0-0 Bxd2 11. Qxd2 d6 12. b4 b6 13. Rfc1 Bf5 14. c5 dxc5 15. bxc5 Rad8 16. Qb2 Ng6 17. Bg3 Rd5 18. cxb6 cxb6 19. Rc7 Rd7 20. Rac1 Rfd8 21. h3 h6 22. Bb5 Rxc7 23. Rxc7 Rd1+ 24. Kh2 Qd8 25. Rxa7 Bxh3 26. Qb3 Be6 27. Bc4 Nf8 28. Rb7 Bxc4 29. Qxc4 Ne6 30. Rb8 Qxb8 31. Bxb8 1-0

[Event "Belgrade Trophy 21st"]
[Site "Obrenovac"]
[Date "2008.12.03"]
[Round "7"]
[White "Buzganovic, Jovan"]
[Black "Jovanovic, Miroslav O"]
[Result "0-1"]
[WhiteElo "1938"]
[BlackElo "2071"]
[PlyCount "63"]
[EventDate "2008.11.27"]
[EventType "swiss"]
[EventRounds "9"]
[EventCountry "YUG"]
[SourceTitle "CBM 127 Extra"]
[Source "ChessBase"]
[SourceDate "2009.01.08"]
[SourceVersion "2"]
[SourceVersionDate "2009.01.28"]
[SourceQuality "1"]

1. d4 Nf6 2. e3 c5 3. c3 Qc7 4. Bd3 b6 5. f4 Bb7 6. Nf3 e6 7. Qc2 Be4 8. Nbd2 Bxd3 9. Qxd3 cxd4 10. cxd4 Nc6 11. a3 Be7 12. 0-0 d6 13. e4 Rd8 14. b4 Qb7 15. Bb2 0-0 16. Ng5 h6 17. Ngf3 b5 18. Rac1 a5 19. Bc3 axb4 20. axb4 Ra8 21. Ra1 Rfc8 22. Nb3 Nd8 23. Nfd2 Rxa1 24. Rxa1 Nc6 25. h3 Nb8 26. Ra5 Nbd7 27. Ba1 Rb8 28. Kf1 d5 29. Nc5 Nxc5 30. dxc5 dxe4 31. Qe2 Qd5 32. Bc3 0-1

[Event "Belgrade-chT Quality"]
[Site "Belgrade"]
[Date "2008.11.12"]
[Round "11"]
[White "Jovanovic, Miroslav O"]
[Black "Markovic, Misa"]
[Result "1-0"]
[WhiteElo "2071"]
[BlackElo "2181"]
[PlyCount "67"]
[EventDate "2008.11.01"]
[EventType "team-swiss"]
[EventRounds "11"]
[EventCountry "YUG"]
[SourceTitle "CBM 127 Extra"]
[Source "ChessBase"]
[SourceDate "2009.01.08"]
[SourceVersion "2"]
[SourceVersionDate "2009.01.28"]
[SourceQuality "1"]

1. d4 d5 2. c4 e6 3. Nc3 Nf6 4. Bg5 c6 5. cxd5 exd5 6. Qc2 Be7 7. e3 Nbd7 8. Nf3 0-0 9. Bd3 Re8 10. h3 Nf8 11. 0-0-0 b5 12. g4 a5 13. Rdg1 a4 14. Bxf6 Bxf6 15. g5 Be7 16. Ne5 Bd7 17. Bxh7+ Nxh7 18. g6 f5 19. gxh7+ Kxh7 20. Qe2 Be6 21. Qh5+ Kg8 22. Rxg7+ Kxg7 23. Rg1+ Bg5 24. Rxg5+ Qxg5 25. Qxg5+ Kf8 26. Qf6+ Kg8 27. Ne2 Ra7 28. Nf4 Bf7 29. h4 Rf8 30. Qg5+ Kh7 31. Qxf5+ Kg8 32. Nd7 Rfa8 33. Qg5+ Kh8 34. Qh6+ 1-0

[Event "Belgrade-chT Quality"]
[Site "Belgrade"]
[Date "2008.11.05"]
[Round "5"]
[White "Aksentijevic, Malisa"]
[Black "Jovanovic, Miroslav O"]
[Result "1-0"]
[WhiteElo "2226"]
[BlackElo "2071"]
[PlyCount "83"]
[EventDate "2008.11.01"]
[EventType "team-swiss"]
[EventRounds "11"]
[EventCountry "YUG"]
[SourceTitle "CBM 127 Extra"]
[Source "ChessBase"]
[SourceDate "2009.01.08"]
[SourceVersion "2"]
[SourceVersionDate "2009.01.28"]
[SourceQuality "1"]

1. e4 c5 2. Nf3 e6 3. Nc3 a6 4. d4 cxd4 5. Nxd4 Qc7 6. Bd3 Nf6 7. Qe2 d6 8. g4 h6 9. f4 Nc6 10. Nb3 Bd7 11. Be3 Be7 12. 0-0-0 b5 13. h4 Nb4 14. g5 Ng8 15. a3 Nc6 16. Kb1 b4 17. axb4 Nxb4 18. Qf2 Bd8 19. Bd4 Kf8 20. Bxg7+ Kxg7 21. Qd4+ e5 22. fxe5 dxe5 23. Qxb4 Be7 24. Qc4 Qb8 25. gxh6+ Nxh6 26. Rhg1+ Kh7 27. Be2 Be6 28. Nd5 a5 29. Qc7 Bd8 30. Qxb8 Rxb8 31. Nxa5 Bxh4 32. Nc6 Ra8 33. Nxe5 Ra5 34. c3 Rc8 35. Nc4 Ra7 36. Kc2 f6 37. Rdf1 f5 38. Bd3 Rd8 39. Rh1 Bg5 40. Rfg1 Rg7 41. Rh5 Bxd5 42. exd5 1-0